header

International resource book for libraries serving disadvantaged persons / (Record no. 128915)

MARC details
000 -LEADER
fixed length control field 02084nam a2200445 i 4500
001 - CONTROL NUMBER
control field ebr10772682
003 - CONTROL NUMBER IDENTIFIER
control field CaPaEBR
006 - FIXED-LENGTH DATA ELEMENTS--ADDITIONAL MATERIAL CHARACTERISTICS--GENERAL INFORMATION
fixed length control field m o d
007 - PHYSICAL DESCRIPTION FIXED FIELD--GENERAL INFORMATION
fixed length control field cr cn|||||||||
008 - FIXED-LENGTH DATA ELEMENTS--GENERAL INFORMATION
fixed length control field 040610s2001 gw ob 001 0 eng|d
020 ## - INTERNATIONAL STANDARD BOOK NUMBER
Cancelled/invalid ISBN 3598218265 (bound)
Cancelled/invalid ISBN 9783598218262
International Standard Book Number 9783110933338 (e-book)
040 ## - CATALOGING SOURCE
Original cataloging agency CaPaEBR
Language of cataloging eng
Description conventions rda
-- pn
Transcribing agency CaPaEBR
035 ## - SYSTEM CONTROL NUMBER
System control number (OCoLC)868954121
050 14 - LIBRARY OF CONGRESS CALL NUMBER
Classification number Z711
Item number .L63 2001eb
082 04 - DEWEY DECIMAL CLASSIFICATION NUMBER
Classification number 016.0276/63
Edition number 21
100 1# - MAIN ENTRY--PERSONAL NAME
Personal name Locke, Joanne.
245 10 - TITLE STATEMENT
Title International resource book for libraries serving disadvantaged persons /
Statement of responsibility, etc Joanne Locke and Nancy M. Panella ; with the assistance of Margaret Girolami.
264 #1 - PRODUCTION, PUBLICATION, DISTRIBUTION, MANUFACTURE, AND COPYRIGHT NOTICE
Place of production, publication, distribution, manufacture M�unchen :
Name of producer, publisher, distributor, manufacturer K.G. Saur,
Date of production, publication, distribution, manufacture, or copyright notice 2001.
300 ## - PHYSICAL DESCRIPTION
Extent 1 online resource (261 pages)
336 ## - CONTENT TYPE
Content type term text
Source rdacontent
337 ## - MEDIA TYPE
Media type term computer
Source rdamedia
338 ## - CARRIER TYPE
Carrier type term online resource
Source rdacarrier
440 #0 - SERIES STATEMENT/ADDED ENTRY--TITLE
Title IFLA publications,
International Standard Serial Number 0344-6891 ;
Volume number/sequential designation 96
504 ## - BIBLIOGRAPHY, ETC. NOTE
Bibliography, etc Includes bibliographical references and indexes.
588 ## - SOURCE OF DESCRIPTION NOTE
Source of description note Description based on print version record.
590 ## - LOCAL NOTE (RLIN)
Local note Electronic reproduction. Palo Alto, Calif. : ebrary, 2013. Available via World Wide Web. Access may be limited to ebrary affiliated libraries.
650 #0 - SUBJECT ADDED ENTRY--TOPICAL TERM
Topical term or geographic name as entry element Libraries and people with disabilities
Form subdivision Bibliography.
Topical term or geographic name as entry element Libraries and people with social disabilities
Form subdivision Bibliography.
Topical term or geographic name as entry element Libraries and older people
Form subdivision Bibliography.
Topical term or geographic name as entry element Libraries and the hearing impaired
Form subdivision Bibliography.
655 #0 - INDEX TERM--GENRE/FORM
Genre/form data or focus term Electronic books.
700 1# - ADDED ENTRY--PERSONAL NAME
Personal name Panella, Nancy.
Personal name Girolami, Margaret.
710 2# - ADDED ENTRY--CORPORATE NAME
Corporate name or jurisdiction name as entry element International Federation of Library Associations and Institutions.
776 08 - ADDITIONAL PHYSICAL FORM ENTRY
Display text Print version:
Main entry heading Locke, Joanne.
Title International resource book for libraries serving disadvantaged persons.
Place, publisher, and date of publication M�unchen : K.G. Saur, 2001
Physical description xii, 249 pages ; 22 cm.
Series data for related item IFLA publications ; 96
International Standard Serial Number 0344-6891 ;
International Standard Book Number 9783598218262
Record control number (OCoLC)ocm47918683
-- (DLC)13621048
797 2# - LOCAL ADDED ENTRY--CORPORATE NAME (RLIN)
Corporate name or jurisdiction name as entry element ebrary.
856 40 - ELECTRONIC LOCATION AND ACCESS
Uniform Resource Identifier <a href="http://site.ebrary.com/lib/rucke/Doc?id=10772682">http://site.ebrary.com/lib/rucke/Doc?id=10772682</a>
Public note An electronic book accessible through the World Wide Web; click to view

No items available.

© 2026 Rongo University
Contact us: librarian | system librarian | Rongo university